Normal view
MARC view
Entry Topical Term
001 - CONTROL NUMBER
- control field: 3561
003 - CONTROL NUMBER IDENTIFIER
- control field: ARRUPE
005 - DATE AND TIME OF LATEST TRANSACTION
- control field: 20131119145641.0
008 - FIXED-LENGTH DATA ELEMENTS
- fixed length control field: 131119|| aca||aabn | a|a d
040 ## - CATALOGING SOURCE
- Original cataloging agency: ARRUPE
- Transcribing agency: ARRUPE
150 ## - HEADING--TOPICAL TERM
- Topical term or geographic name as entry element: English essays
- Chronological subdivision: 19th century.
670 ## - SOURCE DATA FOUND
- Source citation: Work cat.: (ARRUPE)0: Parnwell, E. C. 3560, Victorian essays,, 1934.